My first 500 songs - Statistics

General Stats
  • This quiz has been taken 8 times
  • The average score is 68 of 500
Answer Stats
Hint Answer % Correct
Kanye West/Rick Ross Devil In A New Dress
60%
Eminem My Name Is
60%
Eminem Not Afraid
60%
Kanye West Stronger
60%
Kanye West All Of The Lights
40%
Kanye West All Of The Lights (Interlude)
40%
Eminem Ass Like That
40%
Kanye West Black Skinhead
40%
Kanye West Ghost Town
40%
Kanye West/Jamie Foxx Gold Digger
40%
Kanye West/Kid Cudi/Raekwon Gorgeous
40%
Baby Keem gorgeous
40%
Kendrick Lamar i
40%
Eminem Infinite
40%
Kendrick Lamar/Zacari LOVE.
40%
Eminem/Rihanna Love The Way You Lie
40%
Kanye West POWER
40%
Eminem Rap God
40%
Kanye West/JAY-Z/Swizz Beatz/Pusha T/CyHi/RZA So Appalled
40%
Eminem/Dido Stan
40%
Eminem Superman
40%
Eminem The Real Slim Shady
40%
Kendrick Lamar/George Clinton/Thundercat Wesley's Theory
40%
Eminem Without Me
40%
Eminem 25 To Life
20%
Kanye West 30 Hours
20%
Eminem/Eye-Kyu 313
20%
Eminem 3 a.m.
20%
Eminem '97 Bonnie & Clyde
20%
Kanye West Addiction
20%
Kendrick Lamar A.D.H.D
20%
Kanye West/Syleena Johnson All Falls Down
20%
Kanye West All Mine
20%
Eminem Almost Famous
20%
Kanye West/Jeezy Amazing
20%
Eminem Amityville
20%
Eminem Arose
20%
Eminem/Sklyar Grey Asshole
20%
Eminem As The World Turns
20%
Eminem Backstabber
20%
Eminem Bad Guy
20%
Eminem/X Ambassadors Bad Husband
20%
Eminem/Royce Da 5'9" Bad Meets Evil
20%
Kanye West Bad News
20%
Eminem Bagpipes From Baghdad
20%
Kanye West/Lil Wayne Barry Bonds
20%
Eminem Beautiful
20%
Eminem Believe
20%
Eminem Berzerk
20%
Kanye West Big Brother
20%
Eminem Big Weenie
20%
Eminem/Snoop Dogg/Dr. Dre/Xzibit Bitch Please II
20%
Kanye West/John Legend Blame Game
20%
Kanye West Blood On The Leaves
20%
Kanye West Bound 2
20%
Eminem Brain Damage
20%
Eminem Brainless
20%
Kanye West/Ludacris Breathe In Breathe Out
20%
Kanye West/Brandy Bring Me Down
20%
Eminem Business
20%
Shady Records By My Side
20%
Kanye West Can't Tell Me Nothing
20%
Eminem Castle
20%
Kanye West Celebration
20%
Kanye West Champion
20%
Eminem/PHresher Chloraseptic
20%
Eminem Cinderella Man
20%
Eminem Cleanin' Out My Closet
20%
G.O.O.D. Music Clique
20%
Kanye West Closed On Sunday
20%
Kanye West Coldest Winter
20%
Eminem Cold Wind Blows
20%
Eminem/Dr. Dre/50 Cent Crack A Bottle
20%
Kanye West/The Game Crack Music
20%
Eminem Crazy In Love
20%
Eminem Criminal
20%
Shady Records Cry Now - Shady Remix
20%
Eminem Cum On Everybody
20%
Kanye West Dark Fantasy
20%
Eminem Darkness
20%
Eminem Deja Vu
20%
Kanye West/JAY-Z Diamonds From Sierra Leone - Remix
20%
Eminem/Obie Trice Drips
20%
Kanye West/GLC/Paul Wall Drive Slow
20%
Eminem Drug Ballad
20%
Kanye West/Mos Def Drunk And Hot Girls
20%
Eminem Encore/Curtains Down
20%
Kanye West/Sunday Service Choir Every Hour
20%
Kanye West.DJ Premier Everything I Am
20%
Shady Records Everything Is Shady
20%
Kanye West/Ty Dolla $ign/Ant Clemons Everything We Need
20%
Eminem Evil Deeds
20%
Eminem Evil Twin
20%
Kanye West Facts (Charlie Heat Version)
20%
Kanye West Fade
20%
Eminem Fall
20%
Kanye West Family Business
20%
Baby Keem/Kendrick Lamar family ties
20%
Kanye West Famous
20%
Eminem Farewell
20%
Bad Meets Evil Fast Lane
20%
Kanye West Father Stretch My Hands Pt. 1
20%
Kanye West Feedback
20%
Kendrick Lamar FEEL.
20%
KIDS SEE GHOSTS Fire
20%
Kanye West/Dwele Flashing Lights
20%
Kanye West FML
20%
Kanye West Follow God
20%
Eminem Framed
20%
KIDS SEE GHOSTS/Ty Dolla $ign Freeee (Ghost Town Pt. 2)
20%
Kanye West Freestyle 4
20%
Kanye West/Common/Talib Kweli Get Em High
20%
Shady Records Get Low
20%
Kendrick Lamar GOD.
20%
Kanye West God Is
20%
Eminem/Juice WRLD Godzilla
20%
Eminem Going Through Changes
20%
Kanye West/Consequence/Cam'ron Gone
20%
Eminem/Jessie Reyez Good Guy
20%
Kendrick Lamar good kid
20%
Kanye West/T-Pain Good Life
20%
Kanye West Good Morning
20%
Eminem Greatest
20%
Kanye West Guilt Trip
20%
Eminem/Dr. Dre Guilty Conscience
20%
Eminem Hailie's Song
20%
Kanye West/Fred Hammond Hands On
20%
Eminem/Nate Ruess Headlights
20%
Kanye West/Adam Levine Heard 'Em Say
20%
Eminem Heat
20%
Eminem Hello
20%
Kanye West Hell Of A Life
20%
Kanye West Hey Mama
20%
G.O.O.D. Music Higher
20%
Kanye West Highlights
20%
Kanye West Hold My Liquor
20%
Kanye West/Chris Martin Homecoming
20%
Kendrick Lamar HUMBLE.
20%
Kanye West Hurricane
20%
Eminem If I Had
20%
Kanye West I'll Fly Away
20%
Kanye West I'm In It
20%
Eminem I'm Shady
20%
Eminem Insane
20%
Eminem In Too Deep
20%
Eminem In Your Head
20%
Kanye West I Thought About Killing You
20%
Eminem/Eye-Kyu It's Ok
20%
Eminem/KXNG Crooked/Royce Da 5'9"/Joell Ortiz I Will
20%
Kanye West I Wonder
20%
Eminem Jealousy Woes II
20%
Kanye West Jesus Walks
20%
Shady Records Jimmy Crack Corn
20%
Eminem Just Don't Give a Fuck
20%
Eminem Just Lose It
20%
Eminem Kamikaze
20%
KIDS SEE GHOSTS/Yasiin Bey Kids See Ghosts
20%
Eminem Kill You
20%
Eminem Kim
20%
Kanye West Last Call
20%
Kanye West Late
20%
Eminem/Skylar Grey Leaving Heaven
20%
Eminem Legacy
20%
Bad Meets Evil/Bruno Mars Lighters
20%
Eminem/Alicia Keys Like Home
20%
Eminem Like Toy Soldiers
20%
Eminem Little Engine
20%
Eminem/Anderson .Paak Lock It Up
20%
Kanye West/Bon Iver Lost In The World
20%
Eminem/Kendrick Lamar Love Game
20%
Kanye West Love Lockdown
20%
Eminem/Joyner Lucas Lucky You
20%
Kendrick Lamar/MC Eiht m.A.A.d city
20%
Eminem Marsh
20%
Eminem Marshall Mathers
20%
Eminem/Denaun/Three Maxine
20%
Eminem Medicine Ball
20%
Eminem Mockingbird
20%
Kanye West/Rick Ross/Jay-Z/Nicki Minaj/Bon Iver Monster
20%
Eminem Mosh
20%
Kendrick Lamar/Tanna Leone Mr. Morale
20%
Shady Records Murder
20%
Eminem Must Be The Ganja
20%
Eminem My 1st Single
20%
Eminem My Dad's Gone Crazy
20%
Eminem My Fault
20%
Eminem My Mom
20%
Kanye West/Common My Way Home
20%
Eminem/P!nk Need Me
20%
Eminem Never 2 Far
20%
Eminem/Nate Dogg/50 Cent Never Enough
20%
Kanye West/JAY-Z/ J. Ivy Never Let Me Down
20%
Eminem Never Love Again
20%
Kanye West New Slaves
20%
Kanye West/JAY-Z Ni**as In Paris
20%
Eminem/Jessie Reyez Nice Guy
20%
Shady Records No Apologies
20%
Eminem/Lil Wayne No Love
20%
Kanye West No Mistakes
20%
Kanye West No More Parties In LA
20%
Eminem/Don Toliver No Regrets
20%
Eminem Normal
20%
Eminem/Royce Da 5'9" Not Alike
20%
Eminem/Kehlani Nowhere Fast
20%
Eminem Offended
20%
Eminem/Dr. Dre Old Time's Sake
20%
Eminem/D12 One Shot 2 Shot
20%
Eminem On Fire
20%
Kanye West On God
20%
Kanye West On Sight
20%
Eminem/Thyme Open Mic
20%
Kanye West Pinocchio Story
20%
Shady Records Pistol Pistol (Remix)
20%
Kanye West Praise God
20%
Eminem Premonition - Intro
20%
Kanye West Pt. 2
20%
Shady Records Public Enemy #1
20%
Eminem Puke
20%
Eminem Rain Man
20%
Kendrick Lamar/Anna Wise Real
20%
Kanye West Real Friends
20%
Eminem/RBX/Sticky Fingaz Remember Me?
20%
Eminem Remind Me
20%
Eminem Rhyme Or Reason
20%
Eminem/Ed Sheeran River
20%
Kanye West RoboCop
20%
Eminem Rock Bottom
20%
Eminem Role Model
20%
Kanye West Roses
20%
Kanye West/Pusha T Runaway
20%
Kanye West Saint Pablo
20%
Eminem Same Song & Dance
20%
Eminem Say Goodbye Hollywood
20%
Eminem/Dr. Dre Say What You Say
20%
Kanye West Say You Will
20%
Kanye West School Spirit
20%
Eminem/Angela Workman/Eye-Kyu Searchin
20%
Eminem Seduction
20%
Kanye West/Lil Wayne See You In My Nightmares
20%
Kanye West Selah
20%
Kanye West Send It Up
20%
Shady Records Shake That (Remix)
20%
Eminem Sing For The Moment
20%
Kanye West/Twista/Jamie Foxx Slow Jamz
20%
Shady Records Smack That (Remix)
20%
Eminem So Bad
20%
Eminem So Far...
20%
Eminem Soldier
20%
Eminem So Much Better
20%
Eminem Space Bound
20%
Kanye West/GLC/Consequence Spaceship
20%
Eminem/Obie Trice/ Stat Quo/50 Cent Spend Some Time
20%
Eminem Square Dance
20%
Eminem Stay Wide Awake
20%
Eminem Stepdad
20%
Eminem Stepping Stone
20%
Eminem Still Don't Give A Fuck
20%
Kanye West Street Lights
20%
Eminem Stronger Than I Was
20%
Eminem Survival
20%
Eminem/Kobe Honeycutt Talkin' 2 Myself
20%
Kanye West Tell The Vision
20%
Kanye West The Glory
20%
Eminem/Rihanna The Monster
20%
Kanye West The New Workout Plan
20%
G.O.O.D. Music The One
20%
Shady Records There He Is
20%
Shady Records The Re-Up
20%
Eminem The Ringer
20%
Eminem The Way I Am
20%
Eminem/Ed Sheeran Those Kinda Nights
20%
Kanye West Through The Wire
20%
Eminem Till I Collapse
20%
Eminem Tonite
20%
G.O.O.D. Music To The World
20%
Kanye West/Lupe Fiasco Touch The Sky
20%
Eminem/Skylar Grey Tragic Endings
20%
Shady Records Trapped
20%
Shady Records Tryin' Ta Win
20%
Kanye West/Mos Def/Freeway/The Boys Choir Of Harlem Two Words
20%
Kendrick Lamar u
20%
Kanye West Ultralight Beam
20%
Eminem/Young M.A Unaccommodating
20%
Eminem Underground
20%
Eminem/D12 Under The Influence
20%
Eminem Untitled
20%
Eminem Untouchable
20%
Eminem Venom
20%
Kanye West Violent Crimes
20%
Eminem/Beyoncé Walk On Water
20%
Kanye West/Ant Clemons Water
20%
Kanye West Waves
20%
Kanye West We Don't Care
20%
Kanye West/Kid Cudi Welcome To Heartbreak
20%
Eminem We Made You
20%
Kanye West/Nas/Really Doe We Major
20%
Shady Records We're Back
20%
Shady Records We Ride For Shady
20%
Shady Records Whatever You Want
20%
Eminem/D12 When The Music Stops
20%
Eminem White America
20%
Eminem Who Knew
20%
Kanye West Wolves
20%
Eminem/P!nk Won't Back Down
20%
Kanye West Wouldn't Leave
20%
Eminem W.T.P.
20%
Kendrick Lamar YAH.
20%
Eminem/Royce Da 5'9", Q-Tip/Denaun/Black Thought Yah Yah
20%
Eminem Yellow Brick Road
20%
Kanye West Yikes
20%
Shady Records You Don't Know
20%
Eminem/Royce Da 5'9"/White Gold You Gon' Learn
20%
Eminem You're Never Over
20%
Baby Keem 16
0%
Kanye West 24
0%
KIDS SEE GHOSTS/Louis Prima 4th Dimension
0%
Bad Meets Evil Above The Law
0%
Kendrick Lamar/Ab-Soul Ab-Souls Outro
0%
Bad Meets Evil A Kiss
0%
Kendrick Lamar Alien Girl (Today W/ Her)
0%
Kendrick Lamar Alright
0%
Kendrick Lamar Auntie Diaries
0%
Kendrick Lamar Average Joe
0%
Kendrick Lamar Backseat Freestyle
0%
Kendrick Lamar/Ash Riser Barbed Wire
0%
Kanye West Believe What I Say
0%
Kendrick Lamar Bitch, Don't Kill My Vibe
0%
G.O.O.D. Music Bliss
0%
Kendrick Lamar Blow My High (Members Only)
0%
Baby Keem booman
0%
Kanye West Broken Road
0%
Kendrick Lamar Chapter Six
0%
Kendrick Lamar Chapter Ten
0%
Kanye West City Of Gods
0%
Baby Keem/Don Toliver cocoa
0%
G.O.O.D. Music Cold.1
0%
Kanye West Come To Life
0%
Kendrick Lamar/Rapsody Complexion (A Zulu Love)
0%
Kendrick Lamar/Dr. Dre Compton
0%
Kendrick Lamar Count Me Out
0%
G.O.O.D. Music Creepers
0%
Kendrick Lamar Crown
0%
KIDS SEE GHOSTS Cudi Montage
0%
Kendrick Lamar Cut You Off (To Grow Closer)
0%
21 Savage/Offset/Metro Boomin Darth Vader
0%
Kendrick Lamar/Blxst/Amanda Reifer Die Hard
0%
21 Savage/Offset/Metro Boomin Disrespectful
0%
Kendrick Lamar DNA.
0%
Kanye West Donda
0%
G.O.O.D. Music Don't Like.1
0%
Kendrick Lamar DUCKWORTH.
0%
Baby Keem/Travis Scott durag activity
0%
Kanye West Eazy
0%
Kendrick Lamar ELEMENT.
0%
Kendrick Lamar/Sampha Father Time
0%
Kendrick Lamar F*ck Your Ethnicity
0%
Kendrick Lamar FEAR.
0%
KIDS SEE GHOSTS/Pusha T Feel The Love
0%
Baby Keem first order of business
0%
Kanye West First Time In A Long Time
0%
Kanye West Flowers
0%
Kendrick Lamar For Free? - Interlude
0%
Kendrick Lamar For Sale? - Interlude
0%
Kanye West Get Lost
0%
21 Savage/Offset/Metro Boomin/Travis Scott Ghostface Killers
0%
Kanye West God Breathed
0%
Kanye West/JAY-Z Gotta Have It
0%
Kendrick Lamar/Jhené Aiko Growing Apart (To Get Closer)
0%
Nas Halftime
0%
Kanye West Happy
0%
Kanye West Heaven And Hell
0%
Kendrick Lamar HiiiPower
0%
Kendrick Lamar H.O.C
0%
Kendrick Lamar Hol' Up
0%
Kendrick Lamar Hood Politics
0%
Kendrick Lamar/James Fauntleroy/Ronald Isley How Much A Dollar Cost
0%
Kanye West I Am A God
0%
Kendrick Lamar Ignorance Is Bliss
0%
Bad Meets Evil/Mike Epps I'm On Everything
0%
Kendrick Lamar/Bilal/Anna Wise/Snoop Dogg Institutionalized
0%
Baby Keem issues
0%
Nas It Ain't Hard To Tell
0%
Kanye West Jail
0%
Kanye West Jail Pt 2
0%
Kanye West Jesus Lord
0%
Kanye West Jesus Lord Pt 2
0%
Kanye West Jonah
0%
Kanye West Junya
0%
Kanye West Junya Pt 2
0%
Kanye West Keep My Spirit Alive
0%
Kendrick Lamar/Ashtro Bot Keisha's Song (Her Pain)
0%
Kendrick Lamar King Kunta
0%
Kendrick Lamar/BJ The Chicago Kid Kush & Corinthians
0%
Nas/AZ/Olu Dara Life's A Bitch
0%
Kanye West/JAY-Z/Beyoncé Lift Off
0%
Kanye West Lord I Need You
0%
Kanye West Lord Lift Me Up
0%
Baby Keem lost souls
0%
Bad Meets Evil/Slaughterhouse Loud Noises
0%
Kanye West Louie Bags
0%
Kendrick Lamar/Rihanna LOYALTY.
0%
Kendrick Lamar LUST.
0%
Kanye West/JAY-Z/Frank Ocean Made In America
0%
21 Savage/Offset/Metro Boomin Mad Stalkers
0%
Nas Memory Lane (Sittin' In Da Park)
0%
G.O.O.D. Music Mercy.1
0%
Kendrick Lamar/ScHoolboy Q Michael Jordan
0%
Kendrick Lamar Mirror
0%
Kendrick Lamar Momma
0%
Kendrick Lamar/Jay Rock Money Trees
0%
Kanye West Moon
0%
Kendrick Lamar Mortal Man
0%
Kendrick Lamar/Beth Gibbons Mother I Sober
0%
Kanye West/JAY-Z Murder To Excellence
0%
21 Savage/Metro Boomin My Choppa Hates Niggas
0%
Kendrick Lamar N95
0%
Kanye West New Again
0%
Kanye West/JAY-Z New Day
0%
G.O.O.D. Music New God Flow.1
0%
Offset/Metro Boomin Nightmare
0%
Kanye West No Child Left Behind
0%
Kanye West/JAY-Z/Frank Ocean/The-Dream No Church In The Wild
0%
Kendrick Lamar/Coli Munroe No Make-Up (Her Vice)
0%
Nas N.Y. State Of Mind
0%
Kanye West Off The Grid
0%
Kanye West Ok Ok
0%
Kanye West Ok Ok Pt 2
0%
Nas/Q-Tip One Love
0%
Nas One Time 4 Your Mind
0%
Kendrick Lamar/JaVonté Opposites Attract (Tomorrow W/O Her)
0%
Kanye West/JAY-Z/Otis Redding Otis
0%
Kanye West Pablo
0%
Kanye West/ Mr Hudson Paranoid
0%
Baby Keem pink panties
0%
Kendrick Lamar/GLC Poe Mans Dreams (His Vice)
0%
Kendrick Lamar/Drake Poetic Justice
0%
Kendrick Lamar/Ab-Soul P&P 1.5
0%
Kendrick Lamar PRIDE.
0%
Kanye West Pure Souls
0%
Kendrick Lamar/Summer Walker/Ghostface Killah Purple Hearts
0%
Baby Keem/Kendrick Lamar range brothers
0%
21 Savage/Offset/Metro Boomin/Quavo Rap Saved Me
0%
KIDS SEE GHOSTS Reborn
0%
Kanye West Remote Control
0%
Nas Represent
0%
Offset/Metro Boomin Ric Flair Drip
0%
Kendrick Lamar Rich - Interlude
0%
Kendrick Lamar Rich Spirit
0%
Kendrick Lamar Rigamortus
0%
Kendrick Lamar Ronald Reagan Era
0%
Kendrick Lamar/BJ The Chicago Kid R.O.T.C (Interlude)
0%
21 Savage/Metro Boomin Run Up The Racks
0%
Kendrick Lamar/Baby Keem/Sam Dew Savior
0%
Kendrick Lamar Savior - Interlude
0%
Baby Keem scapegoats
0%
Baby Keem scars
0%
Kanye West Sci Fi
0%
Kanye West Security
0%
Kanye West Selfish
0%
Kendrick Lamar/Dom Kennedy/Murs She Needs Me (Remix)
0%
Kendrick Lamar Sherane a.k.a. Master Spliter's Daughter
0%
Kendrick Lamar/Kodak Black Silent Hill
0%
G.O.O.D. Music Sin City
0%
Kendrick Lamar Sing About Me, I'm Dying Of Thirst
0%
Shady Records Ski Mask Way (Eminem Remix)
0%
Baby Keem south africa
0%
21 Savage/Offset/Metro Boomin Still Serving
0%
Kendrick Lamar Swimming Pools (Drank)
0%
Bad Meets Evil Take From Me
0%
Shady Records Talkin' All That
0%
Kendrick Lamar Tammy's Song (Her Evils)
0%
Kanye West/JAY-Z That's My Bitch
0%
Kendrick Lamar The Art Of Peer Pressure
0%
Kendrick Lamar The Blacker The Berry
0%
G.O.O.D. Music The Morning
0%
Bad Meets Evil The Reunion
0%
Kendrick Lamar/Bilal/Anna Wise/Thundercat These Walls
0%
Nas The World Is Yours
0%
Kanye West Too Easy
0%
Baby Keem trademark usa
0%
Kanye West True Love
0%
Kendrick Lamar United In Grief
0%
Kendrick Lamar untitled 01 | 08.19.2014.
0%
Kendrick Lamar untitled 02 | 06.23.2014.
0%
Kendrick Lamar untitled 03 | 05.28.2013.
0%
Kendrick Lamar untitled 05 | 09.21.2014.
0%
Kendrick Lamar untitled 06 | 06.30.2014.
0%
Kendrick Lamar untitled 07 | 2014 - 2016
0%
Kendrick Lamar untitled 08 | 09.06.2014.
0%
Kanye West/Clipse/Kenny G Use This Gospel
0%
Baby Keem vent
0%
Kendrick Lamar/Taylour Paige We Cry Together
0%
Kanye West We Did It Kid
0%
Bad Meets Evil Welcome 2 Hell
0%
Kanye West/JAY-Z Welcome To The Jungle
0%
Kanye West/JAY-Z Who Gon Stop Me
0%
Kanye West/JAY-Z/Mr Hudson Why I Love You
0%
Kendrick Lamar Worldwide Steppers
0%
Kendrick Lamar/U2 XXX.
0%
Kendrick Lamar You Ain't Gotta Lie (Momma Said)
0%
No matching quizzes found
Score Distribution
Percent of People with Each Score
Percentile by Number Answered
Your Score History
You have not taken this quiz